[Event "CCT Playoff"]
[Site "Toronto CAN"]
[Date "2023.12.09"]
[Round "1.2"]
[White "Firouzja, Alireza"]
[Black "Abdusattorov, Nodirbek"]
[Result "1-0"]
[WhiteElo "2763"]
[BlackElo "2727"]
[PlyCount "63"]
[EventDate "2023.12.09"]
[EventType "tourn"]
[EventRounds "7"]
[EventCountry "CAN"]
[EventCategory "20"]
[Source "ChessMix"]
[SourceDate "2023.12.20"]

1. d4 d5 2. c4 e6 3. Nc3 Nf6 4. cxd5 exd5 5. Bg5 Be7 6. e3 O-O 7. Bd3 Re8 8.
Nge2 h6 9. Bh4 c6 10. O-O a5 11. Rc1 Nbd7 12. a4 Nb8 13. f3 Na6 14. Bf2 Nb4 15.
Bb1 b6 16. Ng3 Ra7 17. h3 Bd6 18. Qd2 Bb8 19. Rfd1 Be6 20. Nce2 Rae7 21. Rc3
Nd7 22. e4 c5 23. Nh5 dxe4 24. fxe4 Ba2 25. Bxa2 Nxa2 26. Ra3 Nb4 27. Neg3 Qc7
28. Nxg7 Kxg7 29. Nf5+ Kg8 30. Rg3+ Qxg3 31. Bxg3 Bxg3 32. Qxh6 1-0

[Event "CCT Playoff"]
[Site "Toronto CAN"]
[Date "2023.12.09"]
[Round "1.2"]
[White "Lazavik, Denis"]
[Black "Carlsen, Magnus"]
[Result "1/2-1/2"]
[WhiteElo "2566"]
[BlackElo "2830"]
[PlyCount "53"]
[EventDate "2023.12.09"]
[EventType "tourn"]
[EventRounds "7"]
[EventCountry "CAN"]
[EventCategory "20"]
[Source "ChessMix"]
[SourceDate "2023.12.20"]

1. d4 Nf6 2. c4 e6 3. Nf3 d5 4. g3 Bb4+ 5. Bd2 a5 6. Bg2 O-O 7. Qc2 c5 8. cxd5
cxd4 9. Nxd4 Qb6 10. Nf3 exd5 11. O-O Nc6 12. Nc3 h6 13. Rad1 d4 14. Na4 Qb5
15. Bxb4 axb4 16. b3 Bf5 17. Qb2 Rfe8 18. Nxd4 Nxd4 19. Qxd4 Rxe2 20. Rc1 Rae8
21. Rc5 Qd7 22. Qxb4 Rxa2 23. Qxb7 Qxb7 24. Bxb7 Be6 25. Nc3 Rb2 26. Rb5 Rxb3
27. Rxb3 1/2-1/2

[Event "CCT Playoff"]
[Site "Toronto CAN"]
[Date "2023.12.09"]
[Round "1.2"]
[White "Vachier-Lagrave, Maxime"]
[Black "Caruana, Fabiano"]
[Result "1-0"]
[WhiteElo "2731"]
[BlackElo "2794"]
[PlyCount "85"]
[EventDate "2023.12.09"]
[EventType "tourn"]
[EventRounds "7"]
[EventCountry "CAN"]
[EventCategory "20"]
[Source "ChessMix"]
[SourceDate "2023.12.20"]

1. e4 e5 2. Nf3 Nc6 3. Bb5 a6 4. Ba4 Nf6 5. O-O Be7 6. d3 b5 7. Bb3 d6 8. c3
O-O 9. a4 Bd7 10. Nbd2 Na5 11. Bc2 c5 12. Re1 Re8 13. Nf1 h6 14. Bd2 Bf8 15.
Ne3 c4 16. axb5 axb5 17. Qe2 cxd3 18. Qxd3 Qc7 19. b4 Nc4 20. Nxc4 bxc4 21. Qe2
Rxa1 22. Rxa1 d5 23. exd5 e4 24. Nd4 Nxd5 25. Ra5 e3 26. Rxd5 exd2 27. Qxd2 Bc8
28. h3 g6 29. Ba4 Re4 30. Nf3 Kh7 31. Bc2 Re8 32. h4 Be6 33. Ra5 Rd8 34. Qe3
Bg7 35. Ra7 Qb8 36. g3 Bd5 37. Re7 Qd6 38. Nh2 Be6 39. Ra7 Qd2 40. Bxg6+ Kxg6
41. Qe4+ Kh5 42. g4+ Kxh4 43. Nf3+ 1-0

[Event "CCT Playoff"]
[Site "Toronto CAN"]
[Date "2023.12.09"]
[Round "1.3"]
[White "Vachier-Lagrave, Maxime"]
[Black "Caruana, Fabiano"]
[Result "0-1"]
[WhiteElo "2731"]
[BlackElo "2794"]
[PlyCount "94"]
[EventDate "2023.12.09"]
[EventType "tourn"]
[EventRounds "7"]
[EventCountry "CAN"]
[EventCategory "20"]
[Source "ChessMix"]
[SourceDate "2023.12.20"]

1. e4 e5 2. Nf3 Nc6 3. d4 exd4 4. Nxd4 Nf6 5. Nxc6 bxc6 6. e5 Qe7 7. Qe2 Nd5 8.
h4 f6 9. c4 Ba6 10. Rh3 Nb6 11. Nd2 O-O-O 12. Ra3 Bb7 13. Nf3 Qb4+ 14. Kd1 d5
15. exd6 Bxd6 16. Kc2 Rhe8 17. Be3 c5 18. Rd1 Re4 19. Rc3 Qa4+ 20. Kb1 Nxc4 21.
b3 Na3+ 22. Kb2 Qa5 23. Qd2 Rde8 24. Bd3 Rb4 25. Bxh7 Nb5 26. Rxc5 Qa3+ 27. Kb1
Rxb3+ 28. axb3 Qxb3+ 29. Kc1 Qa3+ 30. Qb2 Bxc5 31. Qxa3 Bxa3+ 32. Kc2 Bc6 33.
h5 a5 34. Bf5+ Kb7 35. Bd7 Re4 36. Bxc6+ Kxc6 37. Rd8 Bc5 38. Bd2 a4 39. Rg8
Re7 40. Ne1 Bxf2 41. Nd3 Bc5 42. g4 Bd6 43. Nb4+ Bxb4 44. Bxb4 Nd6 45. Kd3 Kd5
46. Ra8 c5 47. Ra5 Nb7 0-1

[Event "CCT Playoff"]
[Site "Toronto CAN"]
[Date "2023.12.09"]
[Round "2.1"]
[White "Carlsen, Magnus"]
[Black "Abdusattorov, Nodirbek"]
[Result "1/2-1/2"]
[WhiteElo "2830"]
[BlackElo "2727"]
[PlyCount "188"]
[EventDate "2023.12.09"]
[EventType "tourn"]
[EventRounds "7"]
[EventCountry "CAN"]
[EventCategory "20"]
[Source "ChessMix"]
[SourceDate "2023.12.20"]

1. e4 e5 2. Nf3 Nc6 3. Bb5 a6 4. Ba4 Nf6 5. O-O Be7 6. d3 d6 7. c3 O-O 8. Re1
b5 9. Bc2 d5 10. Nbd2 dxe4 11. dxe4 Be6 12. Qe2 Qc8 13. h3 Nd7 14. Nf1 Bc4 15.
Qd1 Rd8 16. Ne3 Nf6 17. Bd2 Bd3 18. Nd5 Bxc2 19. Nxf6+ Bxf6 20. Qxc2 Qe6 21.
Be3 Be7 22. b4 a5 23. a4 axb4 24. axb5 b3 25. Qb2 Na5 26. Ra4 Nb7 27. Rxa8 Rxa8
28. Nd2 Nd6 29. Rb1 Nxb5 30. Qxb3 Qxb3 31. Rxb3 Nd6 32. Kf1 f6 33. Bc5 Nc4 34.
Nxc4 Bxc5 35. Rb5 Bf8 36. Ra5 Rxa5 37. Nxa5 Kf7 38. Ke2 Ke6 39. Kd3 Kd7 40. Kc4
c6 41. Nb7 Ba3 42. Nc5+ Kd6 43. Nd3 h5 44. g3 Kc7 45. f4 Bd6 46. f5 Kb6 47. Ne1
Bc5 48. Nf3 Bf2 49. g4 hxg4 50. hxg4 Be3 51. Nh4 Bc5 52. Ng6 Bd6 53. Nh8 Be7
54. Nf7 Kc7 55. g5 Kb6 56. g6 Kc7 57. Nh6 Kb6 58. Ng4 Bf8 59. Nf2 Bc5 60. Nh1
Bd6 61. Ng3 Bf8 62. Ne2 Ba3 63. Ng1 Bc5 64. Nf3 Be7 65. Nd2 Bf8 66. Kb3 Kb5 67.
Nf3 Be7 68. Nh2 Bc5 69. Ng4 Bf8 70. c4+ Kc5 71. Kc3 Be7 72. Nf2 Kb6 73. Nd3 Bd6
74. Kb3 Be7 75. Nb2 Kc5 76. Kc3 Kb6 77. Na4+ Ka5 78. Kb3 Bf8 79. Nb2 Kb6 80.
Nd3 Bd6 81. Nf2 Kc5 82. Kc3 Kb6 83. Ng4 Bf8 84. Kd2 Kc5 85. Kd3 Kb4 86. Ne3 Bc5
87. Nc2+ Kb3 88. Ne1 Kb4 89. Nf3 Be7 90. Ng1 Bc5 91. Ne2 Be7 92. Ng3 Bf8 93.
Nh5 Kb3 94. Ng3 Kb4 1/2-1/2

[Event "CCT Playoff"]
[Site "Toronto CAN"]
[Date "2023.12.09"]
[Round "2.1"]
[White "Caruana, Fabiano"]
[Black "Firouzja, Alireza"]
[Result "0-1"]
[WhiteElo "2794"]
[BlackElo "2763"]
[PlyCount "74"]
[EventDate "2023.12.09"]
[EventType "tourn"]
[EventRounds "7"]
[EventCountry "CAN"]
[EventCategory "20"]
[Source "ChessMix"]
[SourceDate "2023.12.20"]

1. e4 e5 2. Nf3 Nc6 3. Bc4 Nf6 4. d3 Bc5 5. O-O d6 6. c3 O-O 7. h3 a6 8. a4 Ba7
9. Re1 h6 10. Nbd2 Re8 11. b4 Be6 12. Bxe6 Rxe6 13. Bb2 Nh5 14. Nf1 Ne7 15. c4
Ng6 16. g3 Ngf4 17. gxf4 Rg6+ 18. Kh2 Nxf4 19. Ne3 Qd7 20. Ng1 Rxg1 21. Kxg1
Qxh3 22. c5 h5 23. Re2 Re8 24. Qf1 Nxe2+ 25. Qxe2 Re6 26. Ng2 Rg6 27. Qf1 h4
28. Rc1 a5 29. Bc3 Qg4 30. Kh2 h3 31. Ne3 Qf4+ 32. Kh1 Qf3+ 33. Kh2 Qf4+ 34.
Kh1 dxc5 35. bxc5 Qf3+ 36. Kh2 Bxc5 37. Qh1 Qxf2+ 0-1

[Event "CCT Playoff"]
[Site "Toronto CAN"]
[Date "2023.12.09"]
[Round "2.1"]
[White "So, Wesley"]
[Black "Lazavik, Denis"]
[Result "1-0"]
[WhiteElo "2752"]
[BlackElo "2566"]
[PlyCount "123"]
[EventDate "2023.12.09"]
[EventType "tourn"]
[EventRounds "7"]
[EventCountry "CAN"]
[EventCategory "20"]
[Source "ChessMix"]
[SourceDate "2023.12.20"]

1. e4 e5 2. Nf3 Nc6 3. Bb5 Nf6 4. d3 Bc5 5. Bxc6 dxc6 6. Bg5 Be6 7. Nbd2 Qd6 8.
Bxf6 gxf6 9. O-O O-O-O 10. Kh1 Rhg8 11. Qe2 Rg7 12. Nc4 Qd7 13. Ne3 Rdg8 14.
Nh4 Rg5 15. c3 a6 16. b4 Ba7 17. Rad1 Bxe3 18. Qxe3 Kb8 19. Rd2 f5 20. exf5
Bxf5 21. d4 e4 22. Nxf5 Qxf5 23. f3 Qg6 24. g3 Qh5 25. Kg1 Qh3 26. Rg2 exf3 27.
Rxf3 f5 28. Rf4 Qh5 29. Qf3 Qg6 30. Rf2 Rf8 31. Kg2 h5 32. a4 Qg8 33. a5 Qg6
34. d5 cxd5 35. Qxd5 Qf6 36. h4 Rgg8 37. Rxf5 Rd8 38. Qxb7+ Kxb7 39. Rxf6 Rd3
40. R6f3 Rd1 41. Rf5 Rd3 42. R2f3 Rd2+ 43. Kh3 Rh8 44. Rc5 Rd7 45. Rff5 Rdh7
46. c4 Kb8 47. b5 axb5 48. cxb5 Kb7 49. a6+ Kb8 50. Rc6 Ka7 51. Rfc5 Kb8 52.
Rf6 Rg8 53. Rg5 Rd8 54. Rfg6 Ka7 55. Rg7 Rxg7 56. Rxg7 Kb6 57. Rg5 Rh8 58. g4
hxg4+ 59. Kxg4 c6 60. bxc6 Kxa6 61. h5 Kb6 62. Rg6 1-0

[Event "CCT Playoff"]
[Site "Toronto CAN"]
[Date "2023.12.09"]
[Round "2.2"]
[White "Abdusattorov, Nodirbek"]
[Black "Carlsen, Magnus"]
[Result "1/2-1/2"]
[WhiteElo "2727"]
[BlackElo "2830"]
[PlyCount "62"]
[EventDate "2023.12.09"]
[EventType "tourn"]
[EventRounds "7"]
[EventCountry "CAN"]
[EventCategory "20"]
[Source "ChessMix"]
[SourceDate "2023.12.20"]

1. e4 e5 2. Nf3 Nc6 3. Bb5 a6 4. Ba4 Nf6 5. Nc3 Be7 6. O-O b5 7. Bb3 d6 8. a4
Rb8 9. axb5 axb5 10. d3 O-O 11. h3 h6 12. Bd2 Re8 13. Nd5 Bf8 14. Nxf6+ Qxf6
15. c3 Be6 16. Ra6 Ne7 17. d4 Ng6 18. Bxe6 Qxe6 19. Re1 Qc8 20. Qa1 exd4 21.
Nxd4 c5 22. Nf3 Ra8 23. Rxa8 Qxa8 24. Qb1 d5 25. e5 Qc6 26. b4 d4 27. bxc5 dxc3
28. Bxc3 Bxc5 29. e6 Rxe6 30. Rxe6 Qxe6 31. Qxb5 Bf8 1/2-1/2

[Event "CCT Playoff"]
[Site "Toronto CAN"]
[Date "2023.12.09"]
[Round "2.2"]
[White "Firouzja, Alireza"]
[Black "Caruana, Fabiano"]
[Result "0-1"]
[WhiteElo "2763"]
[BlackElo "2794"]
[PlyCount "188"]
[EventDate "2023.12.09"]
[EventType "tourn"]
[EventRounds "7"]
[EventCountry "CAN"]
[EventCategory "20"]
[Source "ChessMix"]
[SourceDate "2023.12.20"]

1. d4 Nf6 2. Nf3 d6 3. Nc3 Bf5 4. Nh4 Bg4 5. h3 Bh5 6. g4 Bg6 7. Bg2 c6 8. e4
e6 9. Nxg6 hxg6 10. e5 Nfd7 11. exd6 Nf6 12. g5 Nh5 13. Ne4 Bxd6 14. O-O Bc7
15. c4 O-O 16. Qg4 Nd7 17. Be3 a5 18. Ng3 Nxg3 19. fxg3 a4 20. Kh2 Ra5 21. h4
Qe7 22. Rad1 Nb6 23. Qe2 Qb4 24. Rc1 Rf5 25. Rfd1 Qd6 26. Bf2 Nc8 27. Be4 Ra5
28. Be1 Ra8 29. Rd3 Ne7 30. Bd2 Rad8 31. Kg2 Nf5 32. Bxf5 exf5 33. Bf4 Qd7 34.
Bxc7 Qxc7 35. Rcd1 Rfe8 36. Re3 Qd7 37. d5 f4 38. Rxe8+ Rxe8 39. Qf3 Qf5 40.
Rd3 cxd5 41. cxd5 Qe5 42. Rd2 fxg3 43. d6 Qe1 44. Qd1 Qe4+ 45. Kxg3 Qf5 46. Qf3
Qc5 47. d7 Rd8 48. Qd5 Qg1+ 49. Kh3 Kh7 50. Qf3 Qe1 51. Qd3 Qh1+ 52. Kg3 b5 53.
Qe3 b4 54. Qf2 Qc1 55. Qd4 Qb1 56. Qxb4 Qe1+ 57. Kf3 Rxd7 58. Rd4 Qf1+ 59. Ke3
Qg1+ 60. Kd3 Qg3+ 61. Ke2 Rc7 62. Rc4 Qg2+ 63. Kd3 Qf1+ 64. Kc3 Qe1+ 65. Kd4
Qxh4+ 66. Kd3 Qg3+ 67. Ke2 Qg2+ 68. Kd3 Rd7+ 69. Rd4 Qf3+ 70. Kd2 Qf2+ 71. Kd3
Qg3+ 72. Ke2 Qe5+ 73. Kd3 Qf5+ 74. Ke2 Qc2+ 75. Ke3 Qc1+ 76. Ke2 Rxd4 77. Qxd4
Qxg5 78. Qxa4 Qg2+ 79. Ke3 Qg3+ 80. Ke2 g5 81. Qe4+ g6 82. a4 Qh2+ 83. Kd3 Qxb2
84. Qd5 Qa3+ 85. Ke2 Qb2+ 86. Kd3 Qa3+ 87. Ke2 Qe7+ 88. Kf1 g4 89. a5 Kh6 90.
a6 Qf6+ 91. Kg2 Qxa6 92. Qxf7 Qe2+ 93. Kg1 Qe3+ 94. Kg2 Qf3+ 0-1

[Event "CCT Playoff"]
[Site "Toronto CAN"]
[Date "2023.12.09"]
[Round "2.2"]
[White "Lazavik, Denis"]
[Black "So, Wesley"]
[Result "1/2-1/2"]
[WhiteElo "2566"]
[BlackElo "2752"]
[PlyCount "41"]
[EventDate "2023.12.09"]
[EventType "tourn"]
[EventRounds "7"]
[EventCountry "CAN"]
[EventCategory "20"]
[Source "ChessMix"]
[SourceDate "2023.12.20"]

1. d4 Nf6 2. c4 e6 3. Nf3 d5 4. g3 dxc4 5. Bg2 c5 6. O-O Nc6 7. Na3 cxd4 8.
Nxc4 Bc5 9. b3 O-O 10. Bb2 Qc7 11. Rc1 Rd8 12. a3 a5 13. Qc2 Bd7 14. Rfd1 Rac8
15. Nxa5 Nxa5 16. b4 e5 17. Qxc5 Qxc5 18. Rxc5 Rxc5 19. bxc5 Ba4 20. Rb1 Nd7
21. Bh3 1/2-1/2

[Event "CCT Playoff"]
[Site "Toronto CAN"]
[Date "2023.12.09"]
[Round "2.3"]
[White "Carlsen, Magnus"]
[Black "Abdusattorov, Nodirbek"]
[Result "1-0"]
[WhiteElo "2830"]
[BlackElo "2727"]
[PlyCount "89"]
[EventDate "2023.12.09"]
[EventType "tourn"]
[EventRounds "7"]
[EventCountry "CAN"]
[EventCategory "20"]
[Source "ChessMix"]
[SourceDate "2023.12.20"]

1. e4 e5 2. Nf3 Nc6 3. Bb5 a6 4. Ba4 Nf6 5. O-O Be7 6. d3 d6 7. c3 O-O 8. Re1
b5 9. Bc2 d5 10. Nbd2 dxe4 11. dxe4 Be6 12. Qe2 Qc8 13. h3 Nd7 14. Nf1 Bc4 15.
Qd1 Rd8 16. Ne3 Nb6 17. Bd2 Be6 18. b3 f6 19. Qe2 Bf8 20. Red1 Rd7 21. c4 bxc4
22. bxc4 Bc5 23. Nd5 Nd4 24. Nxd4 Bxd4 25. Rab1 Qf8 26. a4 Rad8 27. Bb4 Bc5 28.
a5 Nxd5 29. cxd5 Bf7 30. Bxc5 Qxc5 31. Ba4 Rd6 32. Qe1 f5 33. Rdc1 Qa7 34. exf5
Qd4 35. Rb4 Qxd5 36. Rxc7 Qxa5 37. Rxf7 Qxa4 38. Rxg7+ Kf8 39. Rxa4 Rd1 40.
Qxd1 Rxd1+ 41. Kh2 Kxg7 42. Rxa6 e4 43. g4 h5 44. Re6 Re1 45. Kg3 1-0

[Event "CCT Playoff"]
[Site "Toronto CAN"]
[Date "2023.12.09"]
[Round "2.3"]
[White "Firouzja, Alireza"]
[Black "Caruana, Fabiano"]
[Result "1/2-1/2"]
[WhiteElo "2763"]
[BlackElo "2794"]
[PlyCount "116"]
[EventDate "2023.12.09"]
[EventType "tourn"]
[EventRounds "7"]
[EventCountry "CAN"]
[EventCategory "20"]
[Source "ChessMix"]
[SourceDate "2023.12.20"]

1. d4 Nf6 2. Nf3 e6 3. Bf4 h6 4. Nbd2 Nh5 5. Bg3 Nxg3 6. hxg3 d5 7. e4 Be7 8.
Bd3 Nd7 9. Qe2 c5 10. exd5 exd5 11. dxc5 Nxc5 12. Bb5+ Bd7 13. Rh5 Bxb5 14.
Qxb5+ Kf8 15. O-O-O g6 16. Re5 a6 17. Qe2 Bf6 18. Nc4 Bxe5 19. Qxe5 f6 20. Qf4
Kg7 21. Ne3 Rc8 22. Nxd5 Re8 23. Nh4 Re1 24. Qd2 Rxd1+ 25. Qxd1 Qd7 26. b4 Ne4
27. f3 Nxg3 28. Nxg6 Ne2+ 29. Qxe2 Qxd5 30. Ne7 Re8 31. Qe3 Qe5 32. Qxe5 fxe5
33. Nf5+ Kg6 34. Nd6 Re6 35. Ne4 Kf5 36. g3 h5 37. Kd2 Rh6 38. Ke3 h4 39. gxh4
Rxh4 40. a4 Ke6 41. c4 Kd7 42. Nf6+ Kc7 43. Ng4 Kd6 44. Ke4 Ke6 45. a5 Rh1 46.
Nf2 Re1+ 47. Kd3 Rb1 48. Kc3 Rf1 49. Ne4 Rxf3+ 50. Kc2 Kd7 51. Kd2 Kc6 52. Nc5
Rh3 53. Nd3 Kd6 54. Kc2 Rh2+ 55. Kc3 Rh3 56. Kc2 Rh2+ 57. Kc3 Rh3 58. Kc2 Rh2+
1/2-1/2

[Event "CCT Playoff"]
[Site "Toronto CAN"]
[Date "2023.12.10"]
[Round "3.1"]
[White "Abdusattorov, Nodirbek"]
[Black "Lazavik, Denis"]
[Result "1/2-1/2"]
[WhiteElo "2727"]
[BlackElo "2566"]
[PlyCount "76"]
[EventDate "2023.12.09"]
[EventType "tourn"]
[EventRounds "7"]
[EventCountry "CAN"]
[EventCategory "20"]
[Source "ChessMix"]
[SourceDate "2023.12.20"]

1. e4 e5 2. Nf3 Nc6 3. Bb5 Nf6 4. d3 Bc5 5. Ba4 O-O 6. O-O d6 7. c3 Ne7 8. h3
Ng6 9. Re1 c6 10. d4 Bb6 11. Bc2 Re8 12. Nbd2 Bc7 13. a4 a5 14. Nf1 d5 15. Bg5
exd4 16. Qxd4 dxe4 17. Bxf6 Qxf6 18. Qxf6 gxf6 19. Bxe4 Be6 20. Ne3 Rad8 21.
Nd4 Bb6 22. Nxe6 fxe6 23. Nc4 Bc7 24. Bc2 Kf7 25. Ra3 f5 26. Rb3 Rb8 27. g3 Kf6
28. Rd1 Ne5 29. Nxe5 Bxe5 30. Kg2 Bc7 31. Rd7 Re7 32. Rd4 Be5 33. Rh4 Rd8 34.
g4 Rd2 35. Bb1 Rd1 36. Bc2 Rd2 37. Bb1 Rd1 38. Bc2 Rd2 1/2-1/2

[Event "CCT Playoff"]
[Site "Toronto CAN"]
[Date "2023.12.10"]
[Round "3.1"]
[White "Carlsen, Magnus"]
[Black "Caruana, Fabiano"]
[Result "1/2-1/2"]
[WhiteElo "2830"]
[BlackElo "2794"]
[PlyCount "199"]
[EventDate "2023.12.09"]
[EventType "tourn"]
[EventRounds "7"]
[EventCountry "CAN"]
[EventCategory "20"]
[Source "ChessMix"]
[SourceDate "2023.12.20"]

1. Nf3 Nf6 2. g3 d5 3. Bg2 e6 4. O-O Be7 5. c4 O-O 6. d4 dxc4 7. Qa4 a6 8. Qxc4
b5 9. Qc2 Bb7 10. Bf4 Nc6 11. Nc3 Nb4 12. Qd2 c5 13. dxc5 Bxc5 14. Qxd8 Rfxd8
15. a4 Nbd5 16. Nxd5 Nxd5 17. axb5 axb5 18. Ne5 Bd4 19. Nd3 Nxf4 20. gxf4 Bxg2
21. Kxg2 g6 22. Rxa8 Rxa8 23. Rc1 Kg7 24. Kf3 Rd8 25. Rc7 Rd5 26. b3 h6 27. h3
g5 28. e4 Rd6 29. Rb7 Bc3 30. Nc5 gxf4 31. Kxf4 b4 32. Rd7 Rb6 33. e5 Kg6 34.
Rd3 f6 35. exf6 Bxf6 36. Ne4 Rb5 37. Kg4 Rf5 38. Kg3 Be5+ 39. Kg2 Rf4 40. Nc5
Bd4 41. Rg3+ Kf6 42. Nd3 Rf5 43. Rg4 Bc3 44. Nxb4 Rb5 45. Nc2 Rxb3 46. Rg3 h5
47. Nd4 Rb4 48. Rf3+ Kg6 49. Nxe6 Be5 50. Nf8+ Kg7 51. Rf5 Bd6 52. Ne6+ Kg6 53.
Rd5 Rb6 54. Nd4 Be7 55. Ne2 Bd6 56. Kf3 Rb3+ 57. Kg2 Bb8 58. Rc5 Rb2 59. Rc6+
Kf7 60. Nd4 Be5 61. Nf3 Bf6 62. Rc5 Kg6 63. Rd5 Ra2 64. Nd2 Ra4 65. Rd6 Kf7 66.
Nf1 Ra2 67. Rd5 Bh4 68. Nd2 Ke6 69. Rd3 Kf7 70. Ne4 Be7 71. Rd5 Kg6 72. Re5 Bh4
73. Rd5 Re2 74. Kf3 Ra2 75. Rc5 Ra3+ 76. Kg2 Ra2 77. Rc3 Rb2 78. Kf3 Ra2 79.
Ke3 Ra1 80. Rc6+ Kg7 81. Kf4 Ra2 82. Ke3 Ra3+ 83. Rc3 Ra1 84. f4 Rh1 85. Rc7+
Kg6 86. Rc6+ Kg7 87. f5 Rxh3+ 88. Kf4 Ra3 89. Rg6+ Kh7 90. Rg1 Ra6 91. Rh1 Bd8
92. Rxh5+ Rh6 93. Ng5+ Bxg5+ 94. Kxg5 Rxh5+ 95. Kxh5 Kg7 96. Kg5 Kf7 97. f6 Kf8
98. Kg6 Kg8 99. f7+ Kf8 100. Kf6 1/2-1/2

[Event "CCT Playoff"]
[Site "Toronto CAN"]
[Date "2023.12.10"]
[Round "3.1"]
[White "So, Wesley"]
[Black "Vachier-Lagrave, Maxime"]
[Result "0-1"]
[WhiteElo "2752"]
[BlackElo "2731"]
[PlyCount "74"]
[EventDate "2023.12.09"]
[EventType "tourn"]
[EventRounds "7"]
[EventCountry "CAN"]
[EventCategory "20"]
[Source "ChessMix"]
[SourceDate "2023.12.20"]

1. d4 Nf6 2. c4 g6 3. Nc3 d5 4. cxd5 Nxd5 5. e4 Nxc3 6. bxc3 Bg7 7. Bc4 c5 8.
Ne2 O-O 9. Be3 Nc6 10. O-O Bg4 11. f3 Bd7 12. Rb1 Rc8 13. Bd3 Qc7 14. Qd2 Rfd8
15. Bf4 e5 16. Bg5 exd4 17. Bxd8 Rxd8 18. cxd4 Nxd4 19. Nxd4 Bxd4+ 20. Kh1 Be6
21. f4 Kh8 22. Qc2 Qe7 23. Bc4 b6 24. a4 Kg7 25. Bxe6 Qxe6 26. a5 Qc6 27. f5
Rd7 28. axb6 axb6 29. Qc4 Qc7 30. h3 Rd6 31. Rf3 Qe7 32. Rbf1 g5 33. Re1 g4 34.
Rg3 Qh4 35. Qd3 h5 36. e5 Bxe5 37. f6+ Qxf6 0-1

[Event "CCT Playoff"]
[Site "Toronto CAN"]
[Date "2023.12.10"]
[Round "3.2"]
[White "Caruana, Fabiano"]
[Black "Carlsen, Magnus"]
[Result "0-1"]
[WhiteElo "2794"]
[BlackElo "2830"]
[PlyCount "78"]
[EventDate "2023.12.09"]
[EventType "tourn"]
[EventRounds "7"]
[EventCountry "CAN"]
[EventCategory "20"]
[Source "ChessMix"]
[SourceDate "2023.12.20"]

1. e4 Nc6 2. d4 d5 3. e5 Bf5 4. Nf3 e6 5. Bd3 Bxd3 6. Qxd3 Qd7 7. c3 f6 8. O-O
fxe5 9. dxe5 a5 10. Re1 Bc5 11. Nbd2 a4 12. b4 axb3 13. Nxb3 Bb6 14. Be3 Bxe3
15. Rxe3 b6 16. Ng5 Nge7 17. Nxh7 Nf5 18. Rh3 Kd8 19. a4 Nxe5 20. Qe2 Ng6 21.
Qg4 Ne5 22. Qf4 Nf7 23. a5 Kc8 24. Re1 bxa5 25. Qd2 e5 26. Ra1 Qb5 27. Qc2 N7d6
28. Nd2 a4 29. g4 Ne7 30. Nf3 Nc4 31. Nfg5 a3 32. Nf7 Re8 33. Nhg5 Qb2 34. Qd1
a2 35. Ne6 Qb6 36. Nfg5 e4 37. Kg2 Ra5 38. Nxg7 Rf8 39. Qe2 Qb1 0-1

[Event "CCT Playoff"]
[Site "Toronto CAN"]
[Date "2023.12.10"]
[Round "3.2"]
[White "Lazavik, Denis"]
[Black "Abdusattorov, Nodirbek"]
[Result "1/2-1/2"]
[WhiteElo "2566"]
[BlackElo "2727"]
[PlyCount "159"]
[EventDate "2023.12.09"]
[EventType "tourn"]
[EventRounds "7"]
[EventCountry "CAN"]
[EventCategory "20"]
[Source "ChessMix"]
[SourceDate "2023.12.20"]

1. d4 Nf6 2. c4 e6 3. Nf3 d5 4. g3 c5 5. cxd5 cxd4 6. dxe6 Bxe6 7. Qxd4 Nc6 8.
Qxd8+ Rxd8 9. Bg2 Nb4 10. Na3 Nxa2 11. O-O Bxa3 12. bxa3 Nxc1 13. Rfxc1 O-O 14.
Rc7 Bd5 15. Rac1 Bc6 16. Ne5 Bxg2 17. Kxg2 Rd2 18. Rxb7 Rxe2 19. Nd7 Nxd7 20.
Rxd7 h5 21. Rxa7 g6 22. a4 Ra2 23. a5 Kg7 24. h4 Ra3 25. Rcc7 Ra1 26. a6 Ra2
27. Rc4 Ra3 28. Rf4 Ra2 29. Kf3 Kh6 30. Rf6 Kg7 31. Re6 Ra3+ 32. Kg2 Rd8 33.
Ree7 Rf8 34. Re3 Ra2 35. Rf3 Kh6 36. Rf4 Kg7 37. Rc4 Ra5 38. Rcc7 Ra3 39. Kf1
Ra2 40. Kg2 Ra3 41. Rc6 Rd8 42. Rcc7 Rf8 43. Rd7 Ra5 44. Rd4 Ra2 45. Kf3 Ra3+
46. Kf4 Rc8 47. g4 Rc6 48. gxh5 gxh5 49. Rd5 Rf6+ 50. Ke4 Ra4+ 51. Ke3 Rxh4 52.
Ra8 Rh3+ 53. Ke2 Rh2 54. Rg5+ Kh6 55. Rg3 Rhxf2+ 56. Ke3 Kh7 57. Rag8 Ra2 58.
R3g7+ Kh6 59. Rg1 Rg6 60. R1xg6+ fxg6 61. Ra8 Kg5 62. a7 h4 63. Kf3 Ra3+ 64.
Kg2 Ra1 65. Kh2 Ra2+ 66. Kh3 Ra4 67. Kg2 Ra3 68. Kh2 Ra2+ 69. Kh3 Ra4 70. Kg2
Ra3 71. Kh2 Ra2+ 72. Kh3 Ra6 73. Kg2 Ra2+ 74. Kh3 Ra3+ 75. Kg2 h3+ 76. Kh2 Kg4
77. Rg8 Ra2+ 78. Kh1 Ra1+ 79. Kh2 Ra2+ 80. Kh1 1/2-1/2

[Event "CCT Playoff"]
[Site "Toronto CAN"]
[Date "2023.12.10"]
[Round "3.2"]
[White "Vachier-Lagrave, Maxime"]
[Black "So, Wesley"]
[Result "0-1"]
[WhiteElo "2731"]
[BlackElo "2752"]
[PlyCount "106"]
[EventDate "2023.12.09"]
[EventType "tourn"]
[EventRounds "7"]
[EventCountry "CAN"]
[EventCategory "20"]
[Source "ChessMix"]
[SourceDate "2023.12.20"]

1. e4 d6 2. d4 Nf6 3. Nc3 g6 4. Nf3 Bg7 5. Bd3 O-O 6. h3 Nc6 7. O-O e5 8. dxe5
Nxe5 9. Nxe5 dxe5 10. Bc4 c6 11. a4 Qe7 12. b3 Rd8 13. Ba3 Rxd1 14. Bxe7 Rd7
15. Ba3 b6 16. Rad1 a6 17. f4 Rxd1 18. Rxd1 Nd7 19. f5 Ra7 20. g4 b5 21. Be2
Bf8 22. Bxf8 Kxf8 23. f6 g5 24. h4 h6 25. hxg5 hxg5 26. Rd6 Rc7 27. Na2 Ke8 28.
axb5 axb5 29. Nb4 Nb8 30. c4 bxc4 31. Bxc4 Bxg4 32. Rd2 Nd7 33. Rd6 Nb8 34. Rd2
Be6 35. Rg2 Bxc4 36. bxc4 Kd7 37. Rxg5 Ke6 38. Nd3 Nd7 39. Rh5 Ra7 40. Kf2 Ra3
41. Ke3 Rc3 42. Kd2 Rxc4 43. Rh8 Rxe4 44. Rc8 Kxf6 45. Rxc6+ Ke7 46. Rc7 Rd4
47. Ke3 f6 48. Ra7 Ke6 49. Ra6+ Rd6 50. Ra5 Kf5 51. Rb5 Nb6 52. Nc5 Rd5 53.
Rxb6 Rxc5 0-1

[Event "CCT Playoff"]
[Site "Toronto CAN"]
[Date "2023.12.10"]
[Round "3.3"]
[White "Abdusattorov, Nodirbek"]
[Black "Lazavik, Denis"]
[Result "1-0"]
[WhiteElo "2727"]
[BlackElo "2566"]
[PlyCount "139"]
[EventDate "2023.12.09"]
[EventType "tourn"]
[EventRounds "7"]
[EventCountry "CAN"]
[EventCategory "20"]
[Source "ChessMix"]
[SourceDate "2023.12.20"]

1. e4 e5 2. Nf3 Nc6 3. g3 Nf6 4. d3 d5 5. exd5 Nxd5 6. Bg2 Bd6 7. O-O O-O 8.
Nc3 Nxc3 9. bxc3 Bg4 10. Rb1 Rb8 11. h3 Bh5 12. g4 Bg6 13. Nd2 f5 14. gxf5 Bxf5
15. Ne4 Qd7 16. Qh5 Be7 17. Ng3 Bg6 18. Qg4 Qxg4 19. hxg4 Nd8 20. Re1 Bd6 21.
Ne4 Be7 22. Ng5 Bd6 23. Nf3 Nf7 24. Nh4 c6 25. Nxg6 hxg6 26. Be4 Bc5 27. Kg2
Nd6 28. f3 Kf7 29. Bd2 Rh8 30. Re2 Rh7 31. Be1 Re8 32. Bg3 Bb6 33. a4 Re6 34.
c4 Bd4 35. Rb3 Rh8 36. Re1 Rd8 37. a5 a6 38. f4 exf4 39. Bxf4 Nxe4 40. Rxb7+
Kf6 41. Rxe4 Rxe4 42. dxe4 g5 43. Bc7 Re8 44. Kf3 Rh8 45. Bg3 Be5 46. Kg2 Bxg3
47. Kxg3 Re8 48. Kf3 Rh8 49. Ke3 c5 50. Rc7 Rh3+ 51. Kd2 Rh2+ 52. Kc3 Rh3+ 53.
Kb2 Rg3 54. Rc6+ Ke5 55. Rxa6 Rxg4 56. Ra8 Kd6 57. e5+ Kc6 58. e6 Re4 59. Ra7
g6 60. e7 g4 61. Kb3 g3 62. Ra6+ Kb7 63. Rxg6 Rxe7 64. Rxg3 Re1 65. Ka4 Ra1+
66. Kb5 Rb1+ 67. Kxc5 Ka6 68. Rg6+ Kxa5 69. Rg3 Ka4 70. Rg8 1-0